[Event "SVK-ch Amateurs"]
[Site "Liptovsky Jan"]
[Date "2023.06.16"]
[Round "4"]
[White "Mydliar, Jan"]
[Black "Mikula, Martin1111"]
[Result "0-1"]
[WhiteElo "1811"]
[BlackElo "1612"]
[PlyCount "68"]
[EventDate "2023.06.15"]
[EventType "swiss"]
[EventRounds "8"]
[EventCountry "SVK"]
[SourceTitle "CBM 214 Extra"]
[Source "ChessBase"]
[SourceDate "2023.07.31"]
[SourceVersion "1"]
[SourceVersionDate "2023.07.31"]
[SourceQuality "1"]

1. e4 Nf6 2. e5 Nd5 3. d4 b5 4. Bxb5 c5 5. a4 cxd4 6. Qxd4 e6 7. Bd2 a6 8. Bd3 Nc6 9. Qe4 Qb6 10. b3 Bc5 11. Nh3 Bd4 12. c3 Bxe5 13. Bc2 f5 14. Qf3 Bb7 15. Qh5+ g6 16. Qh4 Bf6 17. Qg3 0-0-0 18. Bg5 Be5 19. Qd3 Rde8 20. Be3 Nxe3 21. fxe3 Nb4 22. Qc4+ Bc6 23. Kd2 d5 24. Qxb4 Qxb4 25. cxb4 Bxa1 26. Na3 Bb2 27. Nb1 Kc7 28. Bd3 d4 29. Rg1 dxe3+ 30. Kxe3 Rd8 31. Ke2 Kb7 32. g3 Bd5 33. Bc4 Bxc4+ 34. bxc4 Rd4 0-1